000 01012nam a22003255i 4500
999 _c16741
_d16741
001 21130013
003 OSt
005 20220316103205.0
008 190813s2020 cau 000 0 eng
010 _a 2019948055
020 _a9781526459268
_q(paperback)
020 _a9781526459251
_q(hardcover)
040 _aDLC
_beng
_erda
_cDLC
042 _apcc
082 _22020
_aDC 370.72
_bW670
100 1 _aWilliams, James,
_eauthor.
_944761
245 1 0 _aHow to read and understand educational research/
_cJames Williams.
263 _a2003
264 1 _aThousand Oaks:
_bSAGE Publications,
_c©2020.
300 _a178 pages;
_c23 cm.
336 _atext
_btxt
_2rdacontent
337 _aunmediated
_bn
_2rdamedia
338 _avolume
_bnc
_2rdacarrier
500 _aIncludes index.
650 _a Education -- Research -- Methodology
_944710
650 _aEducation -- Research -- Evaluation
_944762
906 _a0
_bibc
_corignew
_d2
_eepcn
_f20
_gy-gencatlg
942 _2ddc
_cDC